000 00249nam a2200109Ia 4500
008 200302s9999 xx 000 0 und d
100 _aBridget Cherry
245 _aLondon 3: North West
260 _bPenguin Group
260 _c2001
300 _a804 P
999 _c4748
_d4748